• 首页
  • 本馆介绍
  • 公告通知
  • 最新文献
  • 馆藏检索
  • 电子资源
  • 读者导购
  • 参考咨询
  • 我的图书馆
  • 登录
  • 详细信息显示
  • 放入我的书架
  • 预约/预借图书
  • 作者相关作品
  • 分类相关作品
  • 丛书相关作品
  • 出版社相关作品

书目信息

  • 表格格式
  • 工作单格式
  • 卡片格式
题名:
四川电信史
    
 
作者: 《四川电信史》编委会编
分册: 上册  
出版信息: 北京   人民邮电出版社  2016
页数: 335页
开本: 25cm
丛书名:
单 册:
中图分类: F632.9
科图分类:
主题词: 通信工业--经济史--四川--1886-2015
电子资源:
ISBN: 978-7-115-42815-8
000 00724nam0 2200217 45
001 012001005394
005 20181010094548.92
010    @a978-7-115-42815-8@dCNY82.50
100    @a20180612d2016 em y0chiy50 ea
101 0  @achi
102    @aCN@b110000
105    @aa z 000yy
106    @ar
200 1  @a四川电信史@9si chuan dian xin shi@e1886-2015@h上册@f《四川电信史》编委会编@F《 Si Chuan Dian Xin Shi》 Bian Wei Bian@PSCDXSBWB
210    @a北京@c人民邮电出版社@d2016
215    @a335页@c照片@d25cm
330    @a本书是一部系统反映130年四川电信事业发展变化的历史著述。
606 0  @a通信工业@x经济史@y四川@z1886-2015
690    @aF632.9@v5
801  0 @aCN@b上海新华@c20180901
905    @b1173819-21@dF632.9@e17:1@f3
    
    四川电信史:1886-2015.上册/《四川电信史》编委会编.-北京:人民邮电出版社,2016
    335页:照片;25cm
    
    
    ISBN 978-7-115-42815-8:CNY82.50
    本书是一部系统反映130年四川电信事业发展变化的历史著述。
●
相关链接 在E读中查询图书 在五车中查询图书 在当当中查询图书 在豆瓣中查询图书


正题名:四川电信史     索取号:F632.9/17:1         预约/预借

序号 登录号 条形码 馆藏地/架位号 状态 备注
1 1173819   211738191   第一样本阅览室/ [索取号:F632.9/17:1] 在馆    
2 1173820   211738208   密集书库-海洋学院/ [索取号:F632.9/17:1] 在馆    
3 1173821   211738217   第一借阅区/ [索取号:F632.9/17:1] 在馆    
欢迎您!
大连网信软件有限公司© 版权所有